| 000 | 00703nam a22001937a 4500 | ||
|---|---|---|---|
| 999 |
_c189090 _d189090 |
||
| 005 | 20221216171230.0 | ||
| 010 | _aUR-11801 | ||
| 020 |
_a9789392496547 _c400.00 |
||
| 035 | _aU-10356 | ||
| 037 |
_bDBAD/PUB _a- |
||
| 082 | _a844.8 | ||
| 100 | _aزیڑ حسن | ||
| 245 |
_aمرزا غالب اور جان کیٹس: _bفکر وفن کا تکا بلی مطالعہ / _cزیڑ حسن _hا رد و |
||
| 246 |
_aMirza Ghalib Aur John Keats: Fikr-o-Fun Ka Taqabuli Mutala'ah / _bby Z. Hasan |
||
| 260 |
_aNew Delhi _bEducational Publishing House _c2021 |
||
| 270 |
_aD1/16, Ansari Road, Daryaganj _bNew Delhi _e110002 |
||
| 300 |
_a488 ص _c23cm(Hb) |
||
| 942 |
_2ddc _cUR _h844.8 _mز ی ڑ |
||